000 00937nas a2200289 4500
001 BR7304214
003 BR-BrBNA
005 20231205082507.0
007 ta
008 230509b bl.|||p| |||| 00| 00por d
040 _aBR-BrBNA
_bpor
_cBiblioteca Nacional de Agricultura
041 _a(Pt)
072 _aL73
100 1 _aVasconcellos, S.A.
100 1 _aCortes, J. de A.
100 1 _aEnriquez Rozas, C.E.
100 1 _aIto, F.H.
100 1 _aGuimaraes, L.N.B.
245 1 _aObservacoes sobre a utilizacao de vacina inativada contra a febre aftosa em femeas gestantes da especie bovina
650 _aBOVINO
650 _aAFTOSA
650 _aPRENHEZ
650 _aVACINA INATIVADA
773 0 _tRevista da Faculdade de Medicina Veterinaria e Zootecnia da Universidade de Sao Paulo (Brazil)
_xISSN 0303-7525
_g(1976), v. 13(1) p. 209-211
_wBR7304214
909 _a202311
_bLúcia
_c55
_dLúcia Elande
942 _2AGRIS
_n0
_cANA
999 _c92288
_d92288